000 01066nam a22003017a 4500
005 20240530110354.0
008 141231s2009 ua g b 000 0 ara d
017 _a2009/11394
_bمصر . دار الكتب المصرية
020 _a9772327317
040 _aEG-CaGPL
041 0 _aara
082 0 4 _221
_a363.7\
_bا ت
100 0 _aالسيد محمد السايح
245 1 2 _aالتنور البيئى و الصحى لطلاب المدارس العليا و الجامعات /
_cالسيد محمد السايح
250 _aط1
260 _aالقاهرة :
_bعالم الكتب ،
_c2009
300 _a303 ص ؛
_c24 سم
504 _aيشتمل على ارجاعات ببليوجرافية
650 0 4 _aالبيئة الجوانب الصحية
650 0 4 _aالبيئة و الانسان
650 0 4 _aالاغذية
_xتلوث
650 0 4 _aالتربة
_xتلوث
650 0 4 _aالهواء
_xتلوث
650 0 4 _aالضوضاء
650 0 4 _aالتهوية
942 _2ddc
_cBK
999 _c60131
_d60131